Stations de la Ligne B du tram de Bordeaux (Mars 2026) - Statistiques

Statistiques générales
  • Ce quiz a été pris 19 fois
  • Le résultat moyen est 21 sur 37
Statistiques - réponses
Correspondance SCNF / Trams / BEX Stations % Correct
G Victoire
94%
Musée d'Aquitaine
89%
Terminus Pessac Centre
89%
St Nicolas
89%
A / F Hôtel de Ville
83%
C / D / E Quinconces
83%
Bergonié
78%
Gambetta - madd
78%
Grand Théâtre
78%
H La Cité du Vin
78%
Peixotto
78%
H Barrière St Genès
72%
Berges de la Garonne
72%
Chartrons
72%
Doyen Brus
72%
Terminus France Alouette
67%
Montaigne - Montesquieu
67%
Talence Centre-Forum
67%
Béthanie
61%
François Bordes
61%
Les Hangars
61%
Arts & Métiers
56%
CAPC
56%
New York
50%
Roustaing
50%
Cours du Médoc
44%
Claveau
39%
Rue Achard
39%
Saige
39%
Unitec
39%
Bougnard
33%
SNCF Gare Pessac Alouette
28%
Brandenburg
22%
Camponac Médiathèque
22%
Cap Métiers
11%
Chataigneraie
11%
Hôpital Haut-Lévêque
11%
Aucun quiz correspondant
Distribution des résultats
% des personnes avec chaque résultat
Percentile par nombre de réponses
Votre historique - résultats
Vous n’avez pas pris ce quiz